| 000 | 00946nam a2200253 i 4500 | ||
|---|---|---|---|
| 001 | 112342 | ||
| 003 | ES-MaACL | ||
| 005 | 20231229062527.0 | ||
| 007 | t| | ||
| 008 | 170704s1981 sp r ||||1| spa d | ||
| 020 | _a84-206-4109-X | ||
| 100 | 1 |
_aOrtega y Gasset, José, _d1883-1955 _987503 |
|
| 245 | 1 | 0 |
_aEnsayos sobre la "generación del 98" y otros escritores españoles contemporáneos / _cOrtega y Gasset. |
| 260 |
_aMadrid : _bRevista de Occidente en Alianza Editorial, _c1981. |
||
| 300 |
_a302 p. ; _c18 cm. |
||
| 490 | 1 |
_aObras de José Ortega y Gasset ; _v9 |
|
| 598 | _aColección editada por Paulino Garagorri. | ||
| 650 | 4 |
_aLiteratura española- _yS.XX- _xHistoria y crítica. _9141686 |
|
| 650 | 4 |
_aGeneración del 98 (Literatura) _913051 |
|
| 700 | 1 |
_aGaragorri, Paulino, _d1916-2007 _953911 |
|
| 830 | 1 |
_aObras de José Ortega y Gasset ; _v9 _9181562 |
|
| 852 | 4 |
_aES-MaACL _jL-31807 |
|
| 999 |
_c112342 _d112342 |
||